|
|
|
|
| LEADER |
00000nab a2200000 a 4500 |
| 001 |
vtls000887654 |
| 003 |
SK-MaSNL |
| 005 |
20260304195833.0 |
| 008 |
160324c2004 xo 0 cze |
| 015 |
|
|
|a SNBRA2004/10-29666
|
| 035 |
|
|
|a CLN000239089
|
| 040 |
|
|
|a SNKBUCL
|b slo
|c SNKBUCL
|e AACR2
|
| 041 |
0 |
|
|a cze
|
| 044 |
|
|
|a xo
|c SK
|
| 080 |
|
|
|a 582.284.11:577.11
|2 1997
|
| 080 |
|
|
|a 632.4
|2 1997
|
| 080 |
|
|
|a 577.2
|2 1997
|
| 080 |
|
|
|a 575.11
|2 1997
|
| 080 |
|
|
|a 577.11
|2 1997
|
| 245 |
0 |
0 |
|a Detekce Tilletia caries a Tilletia controversa pomocí PCR
|c Michaela Kochanová ... [et al.]
|
| 300 |
|
|
|b Fotogr.
|
| 504 |
|
|
|a Bibliogr. odkazy
|
| 650 |
0 |
7 |
|a mazľavá sneť zakrpatená
|2 snkbucl
|9 257877
|
| 650 |
0 |
7 |
|a polymerázová reťazová reakcia
|2 snkbucl
|9 70049
|
| 650 |
0 |
7 |
|a mazľavá sneť pšeničná
|2 snkbucl
|9 52704
|
| 655 |
|
7 |
|a články z novín a časopisov
|2 snkbucl
|9 267496
|
| 700 |
1 |
|
|a Prokinová, Evženie,
|d 1955-
|4 aut
|9 151381
|
| 700 |
1 |
|
|a Zouhar, Miloslav,
|d 1975-
|4 aut
|9 224361
|
| 700 |
1 |
|
|a Mazáková, Jana
|4 aut
|9 551544
|
| 700 |
1 |
|
|a Ryšánek, Pavel
|4 aut
|9 515697
|
| 700 |
1 |
|
|a Kochanová, Michaela
|4 aut
|9 1498812
|
| 773 |
0 |
|
|z 8089186009
|t Študentská vedecká konferencia. 1. zväzok
|d Bratislava : Univerzita Komenského, 2004
|g S. 35-37
|
| 850 |
|
|
|a Slovenská národná knižnica v Martine
|
| 852 |
|
|
|a SNK
|b KIS3GCP
|
| 958 |
|
|
|a CZ
|
| 958 |
|
|
|a NB
|
| 958 |
|
|
|a RBX
|
| 999 |
|
|
|c 3083082
|d 3085012
|